Moscow official business and travel guide
Guardado en:
| Autor Corporativo: | |
|---|---|
| Formato: | Libro |
| Lenguaje: | Undetermined |
| Publicado: |
Switzerland
Ekotass
1964
|
| Materias: | |
| Etiquetas: |
Agregar Etiqueta
Sin Etiquetas, Sea el primero en etiquetar este registro!
|
| Thư viện lưu trữ: | Trung tâm Học liệu Trường Đại học Cần Thơ |
|---|
| LEADER | 00494nam a2200193Ia 4500 | ||
|---|---|---|---|
| 001 | CTU_86816 | ||
| 008 | 210402s9999 xx 000 0 und d | ||
| 082 | |a 910.47 | ||
| 082 | |b E11 | ||
| 110 | |a Ekotass | ||
| 245 | 0 | |a Moscow official business and travel guide | |
| 245 | 0 | |c Ekotass | |
| 260 | |a Switzerland | ||
| 260 | |b Ekotass | ||
| 260 | |c 1964 | ||
| 650 | |a Russian | ||
| 650 | |x Description and travel | ||
| 904 | |i Nguyên | ||
| 980 | |a Trung tâm Học liệu Trường Đại học Cần Thơ | ||